Les plus grandes villes de Pologne - Statistiques

Statistiques générales
  • Ce quiz a été pris 9 384 fois
    7 643 depuis la dernière actualisation
  • Le résultat moyen est 6 sur 18
Statistiques - réponses
Population Ville % Correct
1 794 166 Varsovie
99%
779 966 Cracovie
87%
470 805 Gdańsk
65%
672 185 Łódź
51%
532 048 Poznań
46%
641 928 Wrocław
42%
290 553 Katowice
40%
338 586 Lublin
34%
398 255 Szczecin
27%
296 958 Białystok
23%
244 969 Gdynia
22%
344 091 Bydgoszcz
19%
217 530 Częstochowa
16%
193 415 Kielce
15%
198 613 Toruń
15%
196 638 Rzeszów
14%
209 296 Radom
12%
197 586 Sosnowiec
8%
Aucun quiz correspondant
Distribution des résultats
% des personnes avec chaque résultat
Percentile par nombre de réponses
Votre historique - résultats
Vous n’avez pas pris ce quiz depuis la dernière actualisation